| 000 | 01000nac a22002291u 4500 | ||
|---|---|---|---|
| 010 | _a 96003561 | ||
| 020 | _a155738911X | ||
| 082 | 0 | 0 |
_a332.645 _bKAS |
| 090 |
_c9314 _d9314 |
||
| 100 | _aKase, Cynthia A. | ||
| 245 | 1 | 0 |
_aTrading with the odds : _busing the power of probability to profit in the futures market / _cCynthia A. Kase. |
| 260 |
_aChicago, IL : _bIrwin Professional Publishing,c.1996. _cc.1996. |
||
| 300 |
_axvi, 149 p. : _bill. ; _c27 cm. |
||
| 500 | _aDistributer: AL-Ahram. | ||
| 504 | _aIncludes bibliographical references (p. 145) and index. | ||
| 511 | _aCatalogued By: Mahitab. | ||
| 650 | 0 |
_aFutures market _xStatistical methods. |
|
| 650 | 0 |
_aFutures market _xMathematical models. |
|
| 856 | 4 | 2 |
_3Publisher description _uhttp://www.loc.gov/catdir/description/mh022/96003561.html |
| 856 | 4 | 2 |
_3Contributor biographical information _uhttp://www.loc.gov/catdir/enhancements/fy0739/96003561-b.html |
| 942 |
_cBB _k332.645KAS |
||
| 999 |
_c9314 _d9314 |
||